000 00839nam a2200205 i 4500
001 62756
003 ES-MaACL
005 20230906164726.0
007 t|
008 031125s1961 sp af |||| | spa d
100 1 _aFernández Marco, Juan Ignacio.
_949888
245 1 3 _aEl Canal Imperial de Aragón
_b: estudio geográfico /
_cpor Juan Ignacio Fernández Marco.
260 _aZaragoza :
_bDepartamento de Geografía Aplicada del Instituto Juan Sebastián Elcano,
_c1961.
300 _a179 p., 39 lám. :
_bil. ;
_c28 cm.
500 _aPrecede al tít.: Consejo Superior de Investigaciones Científicas.
651 4 _aCanal Imperial de Aragón.
_9169494
651 4 _aZaragoza (Provincia)-
_xGeografía.
_9169496
710 2 _aInstituto Juan Sebastián Elcano.
_bDepartamento de Geografía Aplicada.
_95114
852 _aES-MaACL
_jB-1125
999 _c62756
_d62756